[Event "Ch Chess Club"]
[Site "masterchessopen.com Nassau (USA)"]
[Round "3"]
[White "Shapiro Daniel E (USA)"]
[Black "Lowinger Daniel (USA)"]
[Result "1-0"]
[WhiteElo "2280"]
[BlackElo "2110"]

1.d4 Nf6 2.c4 e6 3.g3 d5 4.Nf3 Be7 5.Bg2 O-O 6.O-O Nbd7 7.Qc2 c6 8.Nbd2 b6
9.Rd1 Bb7 10.b3 Re8 11.Bb2 Bf8 12.Rac1 Rc8 13.e4 dxe4 14.Ng5 Qe7 15.c5 e5
16.Ndxe4 Nd5 17.Nxh7 f5 18.Nxf8 fxe4 19.Nxd7 Qxd7 20.dxe5 {#r} 1-0

[Event "Cup Russia (open)"]
[Site "masterchessopen.com Nizhnij Novgorod (Russia)"]
[Round "5"]
[White "Driamin Dmitry (RUS)"]
[Black "Novgorodskij Vladimir (RUS)"]
[Result "0-1"]
[WhiteElo "2237"]
[BlackElo "2380"]

1.d4 d5 2.c4 e6 3.Nf3 Nf6 4.g3 Nbd7 5.Bg2 c6 6.Qc2 Be7 7.O-O O-O 8.Nbd2 b5
9.b3 bxc4 10.bxc4 Ba6 11.Rd1 Qa5 12.Bb2 Rab8 13.Ne5 Nxe5 14.dxe5 Ng4 15.Bc3
Bb4 16.Nb3 Qb6 17.c5 Bxc5 18.Nxc5 Qxc5 19.e3 Nxe5 20.Rac1 Nd7 21.Qa4 Bc4
22.Bf1 Bxf1 23.Rxf1 Qd6 24.Qxa7 c5 25.Qa3 Ra8 26.Qb2 Rfb8 27.Qa1 e5 28.f4 d4
29.fxe5 Qd5 30.e6 fxe6 31.e4 Qxe4 {#R} 0-1

[Event "Ch Poland (team) (2nd liga)"]
[Site "masterchessopen.com Polanica Zdroj (Poland)"]
[Round "1"]
[White "Tomaszewski Roman (POL)"]
[Black "Paszkiewicz Tomasz (POL)"]
[Result "1-0"]
[WhiteElo "2345"]
[BlackElo "2140"]

1.c4 c6 2.d4 d5 3.Nf3 e6 4.Nbd2 Nf6 5.g3 Nbd7 6.Bg2 Be7 7.O-O O-O 8.Qc2 b6
9.e4 Bb7 10.Rd1 Rc8 11.e5 Ne8 12.cxd5 cxd5 13.Qd3 Nc7 14.h4 f5 15.exf6 Bxf6
16.Qe3 Qe7 17.Ne5 Bxe5 18.dxe5 Rf5 19.f4 Rcf8 20.Nf3 h6 {#r} 1-0

[Event "Memorial N.Aratovsky"]
[Site "masterchessopen.com Saratov (Russia)"]
[Round "8"]
[White "Nalivajko Evgeny (UKR)"]
[Black "Safaev Alexandr (RUS)"]
[Result "1-0"]
[WhiteElo "2281"]
[BlackElo "2209"]

1.d4 d5 2.Nf3 Nf6 3.c4 c6 4.Qc2 e6 5.Nbd2 Nbd7 6.g3 Be7 7.Bg2 O-O 8.O-O b6
9.Rd1 Bb7 10.e4 Rc8 11.b3 Qc7 12.Bb2 Rfd8 13.Rac1 Qb8 14.e5 Ne8 15.Nf1 c5
16.dxc5 Nxc5 17.Ba3 dxc4 18.Rxd8 Rxd8 19.Qxc4 Bf8 20.Bxc5 Bxc5 21.b4 Rc8
22.bxc5 Rxc5 23.Qf4 {#r} 1-0

[Event "Cup Russia (open)"]
[Site "masterchessopen.com Tula (Russia)"]
[Round "2"]
[White "Temirbaev Serik (KAZ)"]
[Black "Bespalov Konstantin (RUS)"]
[Result "1-0"]
[WhiteElo "2461"]
[BlackElo "2133"]

1.d4 d5 2.c4 c6 3.Nf3 e6 4.Nbd2 Nf6 5.g3 Nbd7 6.Bg2 Be7 7.O-O O-O 8.Qc2 b5
9.b3 Bb7 10.c5 a5 11.Bb2 Re8 12.Ne1 Bf8 13.Nd3 g6 14.Rfe1 Ng4 15.h3 Nh6 16.e4
f5 17.exd5 exd5 18.Rxe8 Qxe8 19.Re1 Qf7 20.Nf3 Re8 21.Qd2 b4 22.a3 Ba6 23.Nf4
Rxe1+ 24.Qxe1 Qe7 25.axb4 Qxe1+ 26.Nxe1 axb4 27.Nc2 Kf7 28.Nxb4 Bb5 29.Bf1
Bxf1 30.Kxf1 Nb8 31.Nfd3 Bg7 32.Bc1 Ke6 33.Bf4 Nd7 34.Nxc6 {#r} 1-0

[Event "It (open)"]
[Site "masterchessopen.com Muenster (Germany)"]
[Round "5"]
[White "Haselhorst Helmut (GER)"]
[Black "Hegemann Eike (GER)"]
[Result "1-0"]
[WhiteElo "2204"]
[BlackElo "2093"]

1.d4 Nf6 2.Nf3 d5 3.c4 e6 4.g3 Be7 5.Bg2 O-O 6.O-O c6 7.Nbd2 Nbd7 8.Qc2 Re8
9.e4 dxe4 10.Nxe4 Nxe4 11.Qxe4 Nf6 12.Qe2 h6 13.b3 Nd7 14.Bb2 Bf6 15.Rad1 Qa5
16.a3 Qh5 17.Rfe1 Be7 18.Qc2 Rf8 19.h3 Qa5 20.d5 cxd5 21.cxd5 Qc5 22.Qe2 Nf6
23.b4 Qc7 24.Nd4 Bd6 25.dxe6 Re8 26.Nb5 Qb8 27.exf7+ {#r} 1-0

[Event "Ch Washington State"]
[Site "masterchessopen.com Seattle (USA)"]
[Round "0"]
[White "Yates-Doerr Riley (USA)"]
[Black "Bartron Paul (USA)"]
[Result "0-1"]
[WhiteElo "2250"]
[BlackElo "2287"]

1.Nf3 Nf6 2.c4 e6 3.g3 Be7 4.Bg2 O-O 5.O-O d5 6.d4 Nbd7 7.Qc2 c6 8.Nbd2 b6
9.e4 dxe4 10.Nxe4 Bb7 11.Rd1 Qc8 12.Nxf6+ Bxf6 13.Ng5 Bxg5 14.Bxg5 h6 15.Be3
c5 16.f4 cxd4 17.Bxd4 Bxg2 18.Qxg2 Qxc4 19.Bxg7 Kxg7 20.Rxd7 Rfd8 21.Rd2 Rac8
22.b3 Qc1+ {#R} 0-1

[Event "Ch Slovakia (team) 2000/01 (2 liga) (a)"]
[Site "masterchessopen.com Slovakia"]
[Round "5"]
[White "Stefan Oldrich (SVK)"]
[Black "Mikulas Dusan (SVK)"]
[Result "0-1"]
[WhiteElo "1972"]
[BlackElo "2211"]

1.d4 Nf6 2.Nf3 e6 3.g3 d5 4.Bg2 Be7 5.c4 c6 6.Qc2 Nbd7 7.O-O O-O 8.Nbd2 Qc7
9.b3 b6 10.e4 dxe4 11.Nxe4 Nxe4 12.Qxe4 Nf6 13.Qc2 Bb7 14.Bf4 Bd6 15.Be5 Nd7
16.Ng5 g6 17.Bxd6 Qxd6 18.Ne4 Qe7 19.Qd2 Kg7 20.Qf4 Rad8 21.Qc7 Ba8 22.Qxa7 f5
23.Nc3 f4 24.Rfe1 c5 25.Bh3 cxd4 26.Bxe6 fxg3 27.hxg3 dxc3 28.Bxd7 Qf7 29.f4
Rxd7 30.Qxb6 Rfd8 31.Qb4 Qf6 32.Rac1 Qd4+ 33.Kf1 Qd3+ {#R} 0-1

[Event "Ch Slovakia (open) (b)"]
[Site "masterchessopen.com Zvolen (Slovakia)"]
[Round "7"]
[White "Banduka Zeljko (SVK)"]
[Black "Samko Karol (SVK)"]
[Result "1-0"]
[WhiteElo "2079"]
[BlackElo "1953"]

1.d4 Nf6 2.c4 e6 3.g3 d5 4.Bg2 c6 5.Nf3 Be7 6.O-O O-O 7.Qc2 Nbd7 8.Nbd2 Re8
9.e4 dxe4 10.Nxe4 Nxe4 11.Qxe4 Nf6 12.Qc2 Bf8 13.Rd1 g6 14.Ne5 Bg7 15.Bg5 Qc7
16.Bf4 Nh5 17.Nxg6 Qb6 18.Ne5 Nxf4 19.gxf4 f6 20.c5 Qc7 21.Nd3 Bh6 22.Qe2 Kh8
23.Qh5 Rg8 24.Qxh6 Qf7 25.Kh1 Rg6 26.Qh4 Qg7 27.Rg1 Rg4 28.Qh5 {#r} 1-0

[Event "It (open)"]
[Site "masterchessopen.com Basel (Switzerland)"]
[Round "1"]
[White "Sturua Zurab (GEO)"]
[Black "Fiedler Joerg (GER)"]
[Result "1-0"]
[WhiteElo "2571"]
[BlackElo "2050"]

1.Nf3 d5 2.d4 Nf6 3.c4 e6 4.g3 c6 5.Qc2 Nbd7 6.Bg2 Be7 7.O-O O-O 8.Nbd2 Re8
9.Rd1 Nf8 10.e4 Qb6 11.b3 Rd8 12.Bb2 a5 13.Rab1 Qa7 14.e5 Ne8 15.Nf1 b6 16.Ne3
Bb7 17.h4 Rac8 18.Rbc1 Qa8 19.Qe2 Rd7 20.Ng5 f6 21.exf6 gxf6 22.Nxe6 Nxe6
23.Nxd5 {#r} 1-0

[Event "It (open)"]
[Site "masterchessopen.com Hallstahammar (Sweden)"]
[Round "7"]
[White "Joensson Krister (SWE)"]
[Black "Lundvik Jonas (SWE)"]
[Result "1-0"]
[WhiteElo "2072"]
[BlackElo "2247"]

1.d4 e6 2.g3 d5 3.Nf3 Nf6 4.Bg2 Be7 5.O-O O-O 6.c4 c6 7.Qc2 Nbd7 8.Nbd2 Re8
9.b3 Bd6 10.e4 dxe4 11.Nxe4 Nxe4 12.Qxe4 Nf6 13.Qe2 a5 14.Bb2 Qe7 15.Ne5 Nd7
16.f4 c5 17.d5 Nf6 18.Rae1 a4 19.Ng4 Nxg4 20.Qxg4 Qf8 21.Qh5 axb3 22.axb3 Ra2
23.Rf2 exd5 24.Rxe8 Qxe8 25.Re2 Qd7 26.Bxd5 Bf8 27.Qe5 b5 28.cxb5 Qxb5
29.Bxf7+ Kxf7 30.Qd5+ Kg6 31.Re6+ Bxe6 32.Qxe6+ Kh5 33.Qf5+ Kh6 34.Qg5# 1-0

[Event "It (open) \"]
[Site "masterchessopen.com Kavala (Greece)"]
[Round "2"]
[White "Krasenkow Michal (POL)"]
[Black "Trabert Bettina (GER)"]
[Result "1-0"]
[WhiteElo "2592"]
[BlackElo "2253"]

1.d4 d5 2.c4 e6 3.Nf3 c6 4.Nbd2 Nf6 5.g3 Be7 6.Bg2 O-O 7.O-O Nbd7 8.Qc2 b6
9.e4 Bb7 10.b3 Rc8 11.Bb2 c5 12.exd5 exd5 13.Qf5 dxc4 14.Nxc4 Be4 15.Qh3 Qc7
16.Rfe1 cxd4 17.Nxd4 Bxg2 18.Qxg2 Bb4 19.Red1 Rfe8 20.Nb5 Qb8 21.Nbd6 b5
22.Nxe8 Rxe8 23.Ne3 Bc5 24.Bd4 {#r} 1-0

[Event "Ch Ural"]
[Site "masterchessopen.com Orsk (Russia)"]
[Round "5"]
[White "Goriatchkin Jouri (RUS)"]
[Black "Ovetchkin Roman (RUS)"]
[Result "0-1"]
[WhiteElo "2380"]
[BlackElo "2504"]

1.d4 Nf6 2.c4 e6 3.g3 d5 4.Bg2 c6 5.Qc2 Be7 6.Nf3 O-O 7.Nbd2 Nbd7 8.O-O b6
9.e4 Ba6 10.Re1 Rc8 11.e5 Ne8 12.Bf1 Nc7 13.b3 c5 14.Ba3 Bb7 15.dxc5 Nxc5
16.Rad1 a5 17.h4 h6 18.Qb2 Qe8 19.Nd4 Rd8 20.cxd5 Rxd5 21.Nc4 Rxd4 22.Rxd4 Qc6
23.f3 Nb5 24.Rf4 g5 25.hxg5 hxg5 26.Nxa5 bxa5 27.Bxb5 Qxb5 28.Rc4 Nd3 29.Qe2
Qb6+ 30.Kh2 Nxe1 31.Qxe1 Bxa3 32.Qd2 {#R} 0-1

[Event "It (open) \"]
[Site "masterchessopen.com Prague (Czech Republic)"]
[Round "0"]
[White "Koukolik Alexander (CZE)"]
[Black "Kropik Jan (CZE)"]
[Result "1-0"]
[WhiteElo "2106"]
[BlackElo "2053"]

1.d4 Nf6 2.c4 e6 3.g3 d5 4.Bg2 c6 5.Qc2 Nbd7 6.Nf3 Be7 7.O-O O-O 8.Nbd2 Re8
9.e4 dxe4 10.Nxe4 Nxe4 11.Qxe4 Bf6 12.Rd1 Nb6 13.Qc2 g6 14.Bf4 Qe7 15.a4 Bd7
16.a5 Nc8 17.Ne5 Bxe5 18.dxe5 g5 19.Be3 Rd8 20.Qd2 h6 21.h4 gxh4 22.Bxh6 hxg3
23.Bg5 gxf2+ 24.Kxf2 f6 25.Bxf6 Qf7 26.Qg5+ Kf8 27.Qh6+ {#r} 1-0

[Event "It (open)"]
[Site "masterchessopen.com Santo-Domingo (USA)"]
[Round "2"]
[White "Hoffman Alejandro (ARG)"]
[Black "Rojas Ramon (DOM)"]
[Result "1-0"]
[WhiteElo "2506"]
[BlackElo "1833"]

1.d4 d5 2.c4 e6 3.Nf3 c6 4.Nbd2 Nf6 5.g3 Be7 6.Bg2 O-O 7.O-O Nbd7 8.Qc2 b6
9.b3 Ba6 10.Bb2 Rc8 11.e4 dxe4 12.Nxe4 Nxe4 13.Qxe4 Nf6 14.Qc2 c5 15.dxc5 Bxc5
16.Rad1 Qe7 17.Ng5 g6 18.Qc3 e5 19.Qxe5 Qxe5 20.Bxe5 Ng4 21.Bb2 Rc7 22.h3 Nh6
23.Ne4 Be7 24.Nf6+ Bxf6 25.Bxf6 Bb7 26.Bxb7 Rxb7 27.g4 Re8 28.Rfe1 {#r} 1-0

[Event "Ch Switzerland"]
[Site "masterchessopen.com Scuol (Switzerland)"]
[Round "1"]
[White "Gruenenwald Joerg (SUI)"]
[Black "Muheim Markus (SUI)"]
[Result "1-0"]
[WhiteElo "2347"]
[BlackElo "2114"]

1.d4 d5 2.Nf3 c6 3.c4 e6 4.Nbd2 Nf6 5.g3 Be7 6.Bg2 O-O 7.O-O Nbd7 8.Qc2 b6
9.e4 dxe4 10.Nxe4 Bb7 11.Rd1 Nxe4 12.Qxe4 Qc7 13.Bf4 Bd6 14.Bxd6 Qxd6 15.c5
Qe7 16.Ne5 Nxe5 17.Qxe5 Rfd8 18.Rac1 Rac8 19.a4 Rd7 20.b4 bxc5 21.dxc5 f6
22.Rxd7 Qxd7 23.Qd6 Qf7 24.Rd1 g6 25.b5 Rc7 26.Bxc6 Bxc6 27.bxc6 {#r} 1-0

[Event "Ch Switzerland"]
[Site "masterchessopen.com Scuol (Switzerland)"]
[Round "9"]
[White "Raetsky Alexander (RUS)"]
[Black "Landenbergue Claude (SUI)"]
[Result "1-0"]
[WhiteElo "2438"]
[BlackElo "2405"]

1.d4 e6 2.c4 Nf6 3.g3 d5 4.Nf3 c6 5.Bg2 Nbd7 6.Qc2 Be7 7.O-O O-O 8.Nbd2 b6
9.e4 Bb7 10.b3 Rc8 11.Bb2 Qc7 12.Rad1 Qb8 13.Rfe1 Rfd8 14.Qb1 h6 15.a3 dxe4
16.Nxe4 c5 17.d5 exd5 18.Nc3 Re8 19.Nxd5 Nxd5 20.cxd5 Rcd8 21.Rxe7 Rxe7 22.Nh4
Re2 23.Nf5 Nf6 24.Nxh6+ gxh6 25.Bxf6 Rde8 26.Qf5 Re1+ 27.Bf1 Bc8 28.Qh5 Qd6
29.Rxe1 Rxe1 30.Qxh6 Qxf6 31.Qxf6 Bh3 32.Qg5+ {#r} 1-0

[Event "Ch Slovakia (team) 2000/01 (1 liga) West"]
[Site "masterchessopen.com Slovakia"]
[Round "7"]
[White "Bronis Marian (SVK)"]
[Black "Djubek Boris (SVK)"]
[Result "1-0"]
[WhiteElo "2218"]
[BlackElo "2186"]

1.d4 d5 2.Nf3 Nf6 3.c4 e6 4.g3 Be7 5.Bg2 c6 6.O-O Nbd7 7.Qc2 O-O 8.Nbd2 Qc7
9.e4 dxe4 10.Nxe4 Nxe4 11.Qxe4 Nf6 12.Qe2 Bd7 13.Ne5 Rfe8 14.Bf4 Qb6 15.Rad1
a5 16.g4 Bc8 17.g5 Nd7 18.Nxf7 Kxf7 19.Qh5+ Kf8 20.Qxh7 Qd8 21.Be5 Nf6 22.gxf6
Bxf6 23.f4 Bd7 24.Be4 Ke7 25.c5 Rg8 26.Bd6+ {#r} 1-0

[Event "Cup Russia (open)"]
[Site "masterchessopen.com Tula (Russia)"]
[Round "4"]
[White "Zakharevich Igor (RUS)"]
[Black "Geller Jakov (RUS)"]
[Result "1-0"]
[WhiteElo "2456"]
[BlackElo "2426"]

1.d4 d5 2.Nf3 c6 3.c4 e6 4.Nbd2 Nf6 5.Qc2 Be7 6.g3 O-O 7.Bg2 Nbd7 8.O-O b6
9.e4 Bb7 10.e5 Ne8 11.cxd5 cxd5 12.Re1 Qc7 13.Qb3 Rc8 14.Bf1 Qc2 15.Qe3 Nc7
16.Bd3 Qa4 17.b3 Qa5 18.a3 Ba6 19.Bb1 Nb5 20.Bb2 Nc7 21.h4 Rfe8 22.Qf4 Nf8
23.Ng5 Bxg5 24.hxg5 Qb5 25.Kg2 Qd7 26.Rh1 Re7 27.Bxh7+ Nxh7 28.Rxh7 Bd3 29.Rh2
Ree8 30.Rah1 Kf8 31.Qf6 {#r} 1-0

[Event "It (open)"]
[Site "masterchessopen.com Dieppe (France)"]
[Date "2001.12.18"]
[Round "2"]
[White "Colliou Yannick (FRA)"]
[Black "Chouquet Adrien (FRA)"]
[Result "1-0"]
[WhiteElo "2148"]
[BlackElo "2200"]

1.d4 Nf6 2.c4 e6 3.g3 d5 4.Nf3 Be7 5.Bg2 O-O 6.O-O c6 7.Qc2 Nbd7 8.Nbd2 Nb6
9.b3 dxc4 10.Nxc4 Nbd5 11.a3 c5 12.Rd1 b5 13.Nce5 Qb6 14.e4 Nc7 15.Be3 Na6
16.Re1 Qb7 17.dxc5 Qxe4 18.Qb2 Ng4 19.Nxg4 Qxg4 20.Ne5 Qf5 21.Bxa8 {#r} 1-0

[Event "It (open)"]
[Site "masterchessopen.com Le Mans (France)"]
[Date "2001.12.29"]
[Round "5"]
[White "Le Masle Raphael (FRA)"]
[Black "Perrin Vincent (FRA)"]
[Result "1-0"]
[WhiteElo "2122"]
[BlackElo "1815"]

1.d4 d5 2.c4 e6 3.g3 Nf6 4.Bg2 Nbd7 5.Nd2 c6 6.Ngf3 Be7 7.O-O O-O 8.Qc2 b6
9.e4 c5 10.exd5 exd5 11.cxd5 Nxd5 12.Nh4 N7f6 13.dxc5 Bxc5 14.Ne4 Nb4 15.Qd1
Ba6 16.Nxc5 Bxf1 17.Qxf1 Rc8 18.Ne4 Qc7 19.Nxf6+ gxf6 20.Bh6 Rfd8 21.Bh3 Qc4
22.Bxc8 Qxf1+ 23.Kxf1 Rxc8 24.a3 Nd3 25.Rb1 Rc2 26.Rd1 {#r} 1-0

[Event "It (open) (c)"]
[Site "masterchessopen.com Aragon (Spain)"]
[Round "7"]
[White "Molina Pastor Francisco (ESP)"]
[Black "Galvez Rubio David (ESP)"]
[Result "1-0"]
[WhiteElo "2105"]
[BlackElo "1905"]

1.d4 d5 2.Nf3 Nf6 3.c4 e6 4.g3 Nbd7 5.Bg2 Be7 6.O-O O-O 7.Qc2 c6 8.Nbd2 Re8
9.e4 dxe4 10.Nxe4 Nxe4 11.Qxe4 Nf6 12.Qc2 Bd6 13.Rd1 Qe7 14.Ne5 Bd7 15.Bf4
Rac8 16.Qe2 Rcd8 17.Rac1 Bc8 18.Rc3 Nd7 19.Re3 Nxe5 20.Bxe5 Bxe5 21.Rxe5 Qf6
22.d5 Bd7 23.Re3 exd5 24.cxd5 Rxe3 25.Qxe3 Qxb2 26.Qe7 Qf6 27.Qxf6 gxf6
28.dxc6 bxc6 29.Bxc6 Kf8 30.Rxd7 Rxd7 31.Bxd7 {#r} 1-0

[Event "Ch Azerbaijan (juniors) (under 16) (g)"]
[Site "masterchessopen.com Baku (Azerbaijan)"]
[Round "0"]
[White "Mehbalieva Nurlana (AZE)"]
[Black "Rzayeva Laman (AZE)"]
[Result "1-0"]
[WhiteElo "2022"]
[BlackElo "1965"]

1.d4 d5 2.Nf3 e6 3.c4 Nf6 4.Qc2 c6 5.g3 Be7 6.Bg2 Nbd7 7.O-O O-O 8.Nbd2 Qc7
9.e4 dxe4 10.Nxe4 Nxe4 11.Qxe4 Nf6 12.Qe2 Re8 13.Rd1 Nd7 14.Bf4 Bd6 15.Bxd6
Qxd6 16.d5 cxd5 17.cxd5 Nf6 18.dxe6 Qxe6 19.Qxe6 Bxe6 20.Nd4 Rab8 21.b3 a6
22.Rac1 Bd5 23.Bxd5 Nxd5 24.Nf5 Nb4 25.a3 Nc6 26.Rd7 Ne5 27.Rdc7 b5 28.Ra7 Rb6
29.Rcc7 Rf6 30.Re7 Nf3+ {#r} 1-0

[Event "It (open) \"]
[Site "masterchessopen.com Ballarat (Australia)"]
[Round "7"]
[White "Partsi Dimitry (AUS)"]
[Black "Bjelobrk Igor (AUS)"]
[Result "1-0"]
[WhiteElo "2114"]
[BlackElo "2279"]

1.d4 d5 2.Nf3 c6 3.g3 Nf6 4.Bg2 e6 5.O-O Nbd7 6.Nbd2 Be7 7.c4 O-O 8.Qc2 b6
9.e4 Bb7 10.b3 Rc8 11.Bb2 Qc7 12.Rac1 Qb8 13.Qb1 a5 14.cxd5 cxd5 15.e5 Ne8
16.h4 Nc7 17.Ng5 Bxg5 18.hxg5 Ba6 19.Rfe1 b5 20.f4 b4 21.g4 Qb6 22.f5 Nb5
23.Nf3 Rxc1 24.Qxc1 Rc8 25.Qf4 Rc2 26.g6 Nf8 27.gxf7+ Kh8 28.f6 Qd8 29.Qg5
{#r} 1-0

[Event "It (open)"]
[Site "masterchessopen.com Biel (Switzerland)"]
[Round "1"]
[White "Hoffmann Michael (GER)"]
[Black "Porubszki Georg (GER)"]
[Result "1-0"]
[WhiteElo "2435"]
[BlackElo "2044"]

1.Nf3 Nf6 2.c4 e6 3.g3 d5 4.Bg2 Nbd7 5.Qc2 c6 6.O-O Be7 7.d4 O-O 8.Nbd2 b6
9.e4 dxe4 10.Nxe4 Bb7 11.Rd1 Rc8 12.Bf4 Nxe4 13.Qxe4 Nf6 14.Qe2 Bd6 15.Ne5 Qe7
16.Bg5 Rfd8 17.Ng4 h5 18.Nxf6+ gxf6 19.Bh6 f5 20.Qxh5 Qf6 21.Bg5 {#r} 1-0

[Event "Olympiad"]
[Site "masterchessopen.com Bled (Slovenia)"]
[Round "6"]
[White "Mensing Fabio (AHO)"]
[Black "Freeman Nigel (BER)"]
[Result "1-0"]
[WhiteElo "2226"]
[BlackElo "1739"]

1.d4 d5 2.Nf3 Nf6 3.c4 c6 4.g3 e6 5.Bg2 Be7 6.O-O O-O 7.Nbd2 Nbd7 8.Qc2 Re8
9.b3 Nf8 10.Bb2 Ng6 11.Rfe1 c5 12.dxc5 Qc7 13.cxd5 Qxc5 14.Qxc5 Bxc5 15.Bxf6
gxf6 16.Ne4 Bb4 17.Nxf6+ Kf8 18.Nxe8 Bxe1 19.Nc7 {#r} 1-0

[Event "Olympiad (w)"]
[Site "masterchessopen.com Bled (Slovenia)"]
[Round "5"]
[White "Ambrosi Eleonora (ITA)"]
[Black "Steil-Antoni Fiona (LUX)"]
[Result "1-0"]
[WhiteElo "2070"]
[BlackElo "1936"]

1.Nf3 Nf6 2.d4 d5 3.c4 e6 4.g3 Be7 5.Bg2 O-O 6.O-O Nbd7 7.Qc2 c6 8.Nbd2 b6
9.b3 Bb7 10.Bb2 Rc8 11.e4 dxe4 12.Ng5 h6 13.Ngxe4 Nxe4 14.Nxe4 Nf6 15.Rad1 Qc7
16.Bc1 Nxe4 17.Qxe4 Rfd8 18.Qg4 Kf8 19.f4 c5 20.Bxb7 Qxb7 21.f5 exf5 22.Qxf5
Bf6 23.d5 Bd4+ 24.Rxd4 cxd4 25.Qh7 Rd7 26.Ba3+ Rc5 27.Re1 f5 28.Qh8+ {#r} 1-0

[Event "Ch Hessen (seniors)"]
[Site "masterchessopen.com Bruchkoebel (Germany)"]
[Round "3"]
[White "Biller Helmut Dr (GER)"]
[Black "Draxler Gottfried (GER)"]
[Result "1-0"]
[WhiteElo "2189"]
[BlackElo "1841"]

1.d4 d5 2.c4 e6 3.Nf3 Nf6 4.g3 c6 5.Bg2 Nbd7 6.Nbd2 Be7 7.O-O O-O 8.Qc2 b6
9.b3 Ba6 10.e4 dxe4 11.Nxe4 Nxe4 12.Qxe4 Rc8 13.Bb2 Nf6 14.Qe3 c5 15.Rfe1 cxd4
16.Nxd4 Bc5 17.Rad1 Qc7 18.Qf3 Rfd8 19.Nc6 Rxd1 20.Rxd1 Ne8 21.Ne5 Nd6 22.Qg4
g6 23.Qf4 f5 24.a3 Bb7 25.b4 Bxg2 26.Kxg2 Bxf2 27.Kxf2 g5 28.Qxg5+ Kf8 29.Qf6+
Nf7 30.Nd7+ {#r} 1-0

[Event "It (open)"]
[Site "masterchessopen.com Dotzheim (Germany)"]
[Round "9"]
[White "Abdein Saiied (EGY)"]
[Black "Kannenberg Carl-Friedrich (GER)"]
[Result "1-0"]
[WhiteElo "2097"]
[BlackElo "2050"]

1.d4 d5 2.c4 e6 3.Nf3 Be7 4.g3 Nf6 5.Bg2 c6 6.O-O O-O 7.Qc2 Nbd7 8.Nbd2 c5
9.e4 dxe4 10.Nxe4 Nxe4 11.Qxe4 Nf6 12.Qd3 cxd4 13.Qxd4 Qxd4 14.Nxd4 e5 15.Nb5
a6 16.Nc7 Rb8 17.Be3 Bd6 18.Nd5 Nxd5 19.Bxd5 b6 20.Rad1 Be7 21.f4 Bc5 22.Bxc5
bxc5 23.fxe5 Rxb2 24.Bxf7+ Kh8 25.Bd5 Re8 26.Rde1 g6 27.e6 Bb7 28.e7 Bxd5
29.cxd5 Kg7 30.d6 Rb7 31.Re6 Rd7 32.Ref6 c4 33.Rf8 {#r} 1-0

[Event "It (open) \"]
[Site "masterchessopen.com Novosibirsk (Russia)"]
[Round "7"]
[White "Druzhinin Valentin (RUS)"]
[Black "Podmarjkov Sergei (RUS)"]
[Result "1-0"]
[WhiteElo "2041"]
[BlackElo "2012"]

1.d4 Nf6 2.c4 e6 3.g3 d5 4.Bg2 c6 5.Nf3 Nbd7 6.Nbd2 Be7 7.O-O O-O 8.Qc2 b6
9.b3 Ba6 10.Re1 Re8 11.e4 Nf8 12.Bb2 Rc8 13.Rad1 Ng6 14.Qb1 Qc7 15.Ne5 Nxe5
16.dxe5 Nd7 17.exd5 cxd5 18.cxd5 exd5 19.Bxd5 Nc5 20.Ne4 Nxe4 21.Bxe4 g6 22.e6
Bc5 23.Rd7 Bxf2+ 24.Kxf2 Qc5+ 25.Bd4 {#r} 1-0

[Event "It (open) \"]
[Site "masterchessopen.com St. Petersburg (Russia)"]
[Round "1"]
[White "Kryschilovskij Andrej (RUS)"]
[Black "Shister Elena (RUS)"]
[Result "1-0"]
[WhiteElo "2384"]
[BlackElo "1998"]

1.d4 d5 2.Nf3 Nf6 3.c4 e6 4.g3 Be7 5.Bg2 O-O 6.O-O c6 7.Qc2 Nbd7 8.Nbd2 Qc7
9.e4 dxe4 10.Nxe4 Nxe4 11.Qxe4 Nf6 12.Qe2 c5 13.Bf4 Qb6 14.Rad1 Rd8 15.dxc5
Qxc5 16.Rxd8+ Bxd8 17.Rd1 Bc7 18.Bxc7 Qxc7 19.Qe5 Qe7 20.h3 Nd7 21.Qc7 f6
22.Ne5 fxe5 23.Bxb7 Bxb7 24.Rxd7 Qf6 25.Qxb7 a5 26.Qxa8+ {#r} 1-0

[Event "It (cat.6) \"]
[Site "masterchessopen.com Vicente Lopez (Argentina)"]
[Round "10"]
[White "Panno Oscar (ARG)"]
[Black "Pelikian Jefferson (BRA)"]
[Result "1-0"]
[WhiteElo "2487"]
[BlackElo "2407"]

1.c4 e6 2.g3 d5 3.Bg2 Nf6 4.Nf3 Be7 5.O-O O-O 6.d4 c6 7.Qc2 Nbd7 8.Nbd2 b5
9.c5 a5 10.e4 Ba6 11.Re1 b4 12.e5 Ne8 13.a3 Bb5 14.axb4 axb4 15.Nb3 Ba4 16.Bd2
Nc7 17.Ra2 f6 18.exf6 Bxf6 19.Rea1 Bxb3 20.Qxb3 Rxa2 21.Rxa2 e5 22.Qxb4 exd4
23.Nxd4 Bxd4 24.Qxd4 Ne6 25.Qe3 Nexc5 26.b4 Qb6 27.Rc2 Ne4 28.Qxb6 Nxb6 29.Be3
Nc4 30.Rxc4 dxc4 31.Bxe4 c3 32.Bd4 Re8 33.f3 {#r} 1-0

[Event "It"]
[Site "masterchessopen.com Winterthur (Switzerland)"]
[Round "3"]
[White "Benkovic Petar (SRB)"]
[Black "Bucher Michael (SUI)"]
[Result "1-0"]
[WhiteElo "2469"]
[BlackElo "2181"]

1.Nf3 d5 2.g3 Nf6 3.Bg2 Nbd7 4.d4 e6 5.O-O Be7 6.c4 O-O 7.Qc2 c6 8.Nbd2 b6
9.e4 dxe4 10.Nxe4 Bb7 11.Rd1 Qc8 12.Nc3 Re8 13.Bf4 Bb4 14.Ne2 Bf8 15.Nc3 Bb4
16.Rac1 Bxc3 17.Qxc3 c5 18.dxc5 Nxc5 19.b4 Ncd7 20.Qb2 Bc6 21.Rd6 Ne4 22.Rxc6
Qxc6 23.Nd4 Qb7 24.Nb5 e5 25.Nd6 Qc6 26.Nxe8 exf4 27.Qxg7# 1-0

[Event "It (open)"]
[Site "masterchessopen.com Arco (Italy)"]
[Round "7"]
[White "Zucchelli Massimo (ITA)"]
[Black "Prakken Gerrit (NED)"]
[Result "0-1"]
[WhiteElo "2168"]
[BlackElo "2272"]

1.c4 e6 2.g3 d5 3.Nf3 Nf6 4.d4 Be7 5.Bg2 O-O 6.Qc2 c6 7.O-O Nbd7 8.Nbd2 b6
9.Rd1 Bb7 10.e4 c5 11.e5 Ne8 12.dxc5 bxc5 13.b3 Qb6 14.Re1 Nc7 15.Nf1 a5
16.Bg5 Rfe8 17.Bxe7 Rxe7 18.Ng5 Nf8 19.Nd2 h6 20.Nh3 a4 21.Nf4 Ree8 22.Rac1
{#R} 0-1

[Event "It (open)"]
[Site "masterchessopen.com Bad Zwesten (Germany)"]
[Round "4"]
[White "Mittendorf Frank (GER)"]
[Black "Reinert Jens (GER)"]
[Result "1-0"]
[WhiteElo "2206"]
[BlackElo "2022"]

1.c4 e6 2.d4 d5 3.g3 Nf6 4.Bg2 Be7 5.Nf3 Nbd7 6.O-O O-O 7.Qc2 c6 8.Nbd2 b6
9.Rd1 Bb7 10.e4 dxe4 11.Nxe4 Rc8 12.Bf4 Nxe4 13.Qxe4 Nf6 14.Qe2 Bd6 15.Ne5 Qe7
16.Rd3 Rfe8 17.Rad1 h6 18.Qd2 Kh7 19.g4 Rg8 20.Rh3 Bxe5 21.Bxh6 Bxh2+ 22.Rxh2
Nh5 23.Rxh5 f6 24.Be4+ g6 25.Bf8# 1-0

[Event "It (open)"]
[Site "masterchessopen.com Charleroi (Belgium)"]
[Round "3"]
[White "Noiroux Kevin (BEL)"]
[Black "Couillard Marc (BEL)"]
[Result "1-0"]
[WhiteElo "2104"]
[BlackElo "1879"]

1.Nf3 Nf6 2.c4 e6 3.g3 d5 4.d4 Be7 5.Bg2 c6 6.Nbd2 O-O 7.O-O Nbd7 8.Qc2 h6
9.Rd1 c5 10.e4 cxd4 11.cxd5 e5 12.b3 Bb4 13.Bb2 b6 14.a3 Bxd2 15.Nxd2 Ba6
16.b4 Bb5 17.a4 Rc8 18.Qb3 Ba6 19.Rac1 b5 20.a5 Ne8 21.f4 f5 22.Rc6 Bb7 23.Bf1
a6 24.Bh3 Kh8 25.Re6 Nc7 26.Rd6 Rf7 27.Rf1 Ne8 28.Rxd7 Rxd7 29.fxe5 fxe4
30.Rf8+ Kh7 31.d6 h5 32.Bf5+ g6 33.Qg8+ Kh6 34.Qxg6# 1-0